[Event "Bizovac Metalis op 12th"]
[Site "Bizovac"]
[Date "2005.02.24"]
[Round "1"]
[White "Grgic, Mirko"]
[Black "Zivanic, Marko"]
[Result "0-1"]
[WhiteElo "2061"]
[BlackElo "2450"]
[PlyCount "76"]
[EventDate "2005.02.24"]
[EventType "swiss"]
[EventRounds "7"]
[EventCountry "CRO"]
[SourceTitle "CBM 105 Extra"]
[Source "ChessBase"]
[SourceDate "2005.05.01"]
[SourceVersion "1"]
[SourceVersionDate "2005.05.01"]
[SourceQuality "1"]

1. e4 c5 2. Nf3 e6 3. d4 cxd4 4. Nxd4 Nc6 5. Nc3 Qc7 6. Be2 a6 7. 0-0 Nf6 8. Be3 Bb4 9. Nxc6 bxc6 10. Bf3 Rb8 11. Qd3 d5 12. exd5 cxd5 13. Ne2 Bd6 14. g3 Rxb2 15. Bd4 Rb4 16. Bxf6 gxf6 17. Rab1 Rc4 18. c3 Be5 19. Rb3 0-0 20. Rfb1 Qc5 21. Rb4 Rxb4 22. Rxb4 f5 23. Rh4 Bg7 24. g4 e5 25. Bxd5 e4 26. Qd2 Qe7 27. g5 Rd8 28. c4 Be6 29. Rh5 Bxd5 30. cxd5 Qd6 31. Qa5 Qxd5 32. Qxd5 Rxd5 33. Rh3 Be5 34. Ra3 f4 35. f3 Bd6 36. Rxa6 Bc5+ 37. Kf1 exf3 38. Nc3 Rd3 0-1